| 000 | 00644nam a2200181 i 4500 | ||
|---|---|---|---|
| 001 | 161076 | ||
| 003 | ES-MaACL | ||
| 005 | 20250721062639.0 | ||
| 008 | 041013s1870 sp |||| | spa d | ||
| 040 |
_aCAM _bspa _cCAM |
||
| 100 | 1 |
_aOrtega Montoro, Pedro. _9130702 |
|
| 245 | 1 | 0 |
_aEpítome de economía política / _cpor Pedro Ortega y Montoro. |
| 260 |
_aMadrid : _b[s.n.], _c1870 ( _fEstablecimiento tipográfico de T. Fortanet) |
||
| 300 |
_a40 p. ; _c18 cm. |
||
| 650 | 0 | 7 |
_aEconomía _2embne _912006 |
| 852 |
_aES-MaACL _jT-1300-F-2 _z-- Enc. hol., conservando la cub. original _z-- Enc. en un vol. facticio |
||
| 999 |
_c161076 _d161076 |
||